[Event "Trindade FEXEG Cup"]
[Site "Trindade"]
[Date "2019.05.17"]
[Round "1"]
[White "De Souza Sa, Apolo"]
[Black "De Oliveira, Caio Guilherme Viei"]
[Result "1-0"]
[WhiteElo "2017"]
[BlackElo "1388"]
[PlyCount "61"]
[EventDate "2019.05.17"]
[EventType "swiss"]
[EventRounds "6"]
[EventCountry "BRA"]
[SourceTitle "CBM 190 Extra"]
[Source "ChessBase"]
[SourceDate "2019.07.15"]
[SourceVersion "1"]
[SourceVersionDate "2019.07.15"]
[SourceQuality "1"]

1. d4 d5 2. Nf3 Nf6 3. c4 e6 4. g3 Be7 5. Bg2 0-0 6. 0-0 c5 7. cxd5 Nxd5 8. e4 Nf6 9. Nc3 Nc6 10. d5 exd5 11. exd5 Nb4 12. Ne5 Bd6 13. Nc4 Re8 14. a3 Na6 15. Bg5 h6 16. Bxf6 Qxf6 17. Ne4 Qd8 18. Nexd6 Re7 19. Nxc8 Rxc8 20. d6 Rd7 21. Bh3 Rc6 22. Bxd7 Qxd7 23. Ne5 Qxd6 24. Nxc6 Qxc6 25. Qd8+ Kh7 26. Qd3+ Kg8 27. Rfe1 Nc7 28. Qe4 Qd7 29. Rad1 Qc8 30. Qe7 Kh7 31. Rd7 1-0

[Event "Goiania Xeque Mate U2200 op 4th"]
[Site "Goiania"]
[Date "2019.03.09"]
[Round "3"]
[White "Ferraz, Michel Liah"]
[Black "De Oliveira, Caio Guilherme Viei"]
[Result "1-0"]
[WhiteElo "1578"]
[BlackElo "1394"]
[PlyCount "72"]
[EventDate "2019.03.09"]
[EventType "swiss"]
[EventRounds "5"]
[EventCountry "BRA"]
[SourceTitle "CBM 190 Extra"]
[Source "ChessBase"]
[SourceDate "2019.07.15"]
[SourceVersion "1"]
[SourceVersionDate "2019.07.15"]
[SourceQuality "1"]

1. d4 d5 2. c4 e6 3. Nc3 Be7 4. Nf3 Nf6 5. Bg5 c6 6. e3 Nbd7 7. Qc2 0-0 8. Rc1 h6 9. Bh4 Qa5 10. a3 b5 11. cxb5 cxb5 12. Bxb5 Rb8 13. Bd3 Ba6 14. Ne5 Bxd3 15. Qxd3 Bd6 16. Nc6 Qb6 17. Nxb8 Rxb8 18. b4 a5 19. Na4 Qa7 20. b5 Bxa3 21. Qxa3 Nb6 22. Nxb6 Qxb6 23. Bxf6 gxf6 24. 0-0 Kh7 25. Qd3+ f5 26. g3 Rg8 27. Rc6 Qd8 28. Rfc1 Qg5 29. Rc7 Qg6 30. b6 a4 31. b7 Rb8 32. Ra1 a3 33. Rxa3 h5 34. Qc2 h4 35. Ra8 Qg4 36. Qa4 Qg8 1-0

[Event "Trindade op"]
[Site "Trindade"]
[Date "2018.09.01"]
[Round "3"]
[White "Labussiere, Victor"]
[Black "De Oliveira, Caio Guilherme Viei"]
[Result "1-0"]
[WhiteElo "2087"]
[BlackElo "1374"]
[PlyCount "55"]
[EventDate "2018.08.31"]
[EventType "swiss"]
[EventRounds "6"]
[EventCountry "BRA"]
[SourceTitle "CBM 187 Extra"]
[Source "ChessBase"]
[SourceDate "2018.11.04"]
[SourceVersion "1"]
[SourceVersionDate "2018.11.04"]
[SourceQuality "1"]

1. c4 c5 2. Nc3 Nc6 3. Nf3 Nf6 4. e3 d6 5. d4 Bg4 6. d5 Ne5 7. Be2 Bxf3 8. Bxf3 Nxc4 9. Qa4+ Nd7 10. Qxc4 g6 11. Bg4 a6 12. Bxd7+ Qxd7 13. a4 Bg7 14. 0-0 0-0 15. e4 Rab8 16. a5 e6 17. Be3 f5 18. dxe6 Qe7 19. exf5 Rxf5 20. Nd5 Qxe6 21. Ne7+ Kf7 22. Nxf5 gxf5 23. Qxe6+ Kxe6 24. Rfe1 Kd7 25. Rad1 Kc6 26. Bf4 Kb5 27. Bxd6 Kc6 28. Bxb8 1-0

[Event "Goiania STD op"]
[Site "Goiania"]
[Date "2018.03.09"]
[Round "2"]
[White "De Paiva, Ricardo Carisio Bat"]
[Black "De Oliveira, Caio Guilherme Viei"]
[Result "1-0"]
[WhiteElo "1670"]
[BlackElo "1384"]
[PlyCount "73"]
[EventDate "2018.03.09"]
[EventType "swiss"]
[EventRounds "6"]
[EventCountry "BRA"]
[SourceTitle "CBM 183 Extra"]
[Source "ChessBase"]
[SourceDate "2018.04.19"]
[SourceVersion "1"]
[SourceVersionDate "2018.04.19"]
[SourceQuality "1"]

1. e4 e5 2. Nf3 Nc6 3. Bc4 Nf6 4. Ng5 d5 5. exd5 Nd4 6. c3 Ng4 7. cxd4 Qxg5 8. Bb5+ Kd8 9. 0-0 Bd6 10. g3 Rf8 11. h4 Qg6 12. dxe5 Bxe5 13. Qf3 a6 14. Bc4 Qf6 15. Qxf6+ gxf6 16. Nc3 Rg8 17. Ne4 b5 18. Be2 Bb7 19. d4 Bxd4 20. Rd1 Be5 21. f3 f5 22. Nc5 Nf6 23. f4 Bd6 24. Nxb7+ Kd7 25. Nxd6 cxd6 26. Kh2 Ne4 27. Rg1 Rac8 28. Be3 Rc2 29. Rg2 Rxb2 30. a4 bxa4 31. Rxa4 Nxg3 32. Rxa6 Kc7 33. Rc6+ Kb7 34. Ba6+ Kb8 35. Rxb2+ Ka8 36. Bb7+ Kb8 37. Bc8+ 1-0

[Event "Goiania IRT U2200 1st"]
[Site "Goiania"]
[Date "2017.06.24"]
[Round "1.2"]
[White "De Oliveira, Caio Guilherme Viei"]
[Black "Nascimento, Pedro Henrique Alve"]
[Result "0-1"]
[WhiteElo "1418"]
[BlackElo "1974"]
[PlyCount "112"]
[EventDate "2017.06.24"]
[EventType "swiss"]
[EventRounds "5"]
[EventCountry "BRA"]
[SourceTitle "EXT 2022"]
[Source "ChessBase"]
[SourceDate "2021.10.06"]
[SourceVersion "1"]
[SourceVersionDate "2021.10.06"]
[SourceQuality "1"]

1. d4 e6 2. Nf3 Nf6 3. e3 b6 4. Bd3 Bb7 5. Nbd2 d5 6. Qe2 Be7 7. e4 dxe4 8. Nxe4 0-0 9. 0-0 Nbd7 10. Bg5 h6 11. Bh4 Nd5 12. Bxe7 Qxe7 13. Bb5 N7f6 14. Ne5 Nxe4 15. Qxe4 c5 16. Bc6 Bxc6 17. Nxc6 Qc7 18. Ne5 cxd4 19. Rac1 Nf6 20. Qxd4 Rfd8 21. Qe3 Rd5 22. Rfe1 Rad8 23. Nd3 Nd7 24. Nf4 Re5 25. Qd3 Rxe1+ 26. Rxe1 Qxf4 27. Re4 Qc1+ 28. Qf1 Qxf1+ 29. Kxf1 Nc5 30. Rc4 f5 31. b4 Ne4 32. Rc7 Rd1+ 33. Ke2 Rd2+ 34. Ke3 Rxf2 35. c4 Rxa2 36. c5 bxc5 37. bxc5 Rxg2 38. Kd4 Nxc5 39. Rxc5 Rxh2 40. Ke5 Re2+ 41. Kf4 Re4+ 42. Kg3 Ra4 43. Rc7 Kh7 44. Re7 Ra6 45. Kf4 Kg6 46. Ke5 h5 47. Kf4 Kf6 48. Re8 g5+ 49. Kf3 Ra3+ 50. Kg2 h4 51. Rf8+ Ke5 52. Rg8 g4 53. Kh2 Ra2+ 54. Kg1 Kf4 55. Kh1 Kg3 56. Kg1 Ra1# 0-1

[Event "Goiania op"]
[Site "Goiania"]
[Date "2017.05.28"]
[Round "6"]
[White "De Oliveira, Caio Guilherme Viei"]
[Black "Carneiro, Claudionor Chaves"]
[Result "1/2-1/2"]
[WhiteElo "1418"]
[BlackElo "1707"]
[PlyCount "42"]
[EventDate "2017.05.26"]
[EventType "swiss"]
[EventRounds "6"]
[EventCountry "BRA"]
[SourceTitle "CBM 178 Extra"]
[Source "ChessBase"]
[SourceDate "2017.06.22"]
[SourceVersion "1"]
[SourceVersionDate "2017.06.22"]
[SourceQuality "1"]

1. d4 Nf6 2. Nf3 e6 3. e3 c5 4. c3 d5 5. Bd3 Bd6 6. Nbd2 0-0 7. 0-0 Bd7 8. e4 dxe4 9. Nxe4 Nxe4 10. Bxe4 Bc6 11. Qe2 Nd7 12. Bxc6 bxc6 13. dxc5 Nxc5 14. Rd1 Qc7 15. Be3 Nd7 16. Qd2 Bxh2+ 17. Nxh2 Ne5 18. Qd6 Qa5 19. Qc5 Qc7 20. Qd6 Qa5 21. Qc5 Qc7 1/2-1/2

[Event "BRA-ch U12"]
[Site "Brasilia"]
[Date "2017.04.22"]
[Round "3.11"]
[White "Machado, Wesley Henrique"]
[Black "De Oliveira, Caio Guilherme Viei"]
[Result "1-0"]
[WhiteElo "1787"]
[BlackElo "1425"]
[PlyCount "59"]
[EventDate "2017.04.21"]
[EventType "swiss"]
[EventRounds "6"]
[EventCountry "BRA"]
[SourceTitle "EXT 2022"]
[Source "ChessBase"]
[SourceDate "2021.10.06"]
[SourceVersion "1"]
[SourceVersionDate "2021.10.06"]
[SourceQuality "1"]

1. e4 e5 2. Bc4 Nf6 3. d3 Nc6 4. Nf3 Bc5 5. c3 Na5 6. Bb3 Nxb3 7. axb3 d5 8. Qe2 0-0 9. Nbd2 Bg4 10. h3 Bxf3 11. Qxf3 d4 12. Nf1 Qd6 13. b4 Bb6 14. Ng3 a5 15. 0-0 axb4 16. Bd2 Rxa1 17. Rxa1 bxc3 18. Nf5 Qb4 19. Bh6 c2 20. Qg3 g6 21. Qg5 Ne8 22. Ne7+ Kh8 23. Bxf8 Qxb2 24. Rf1 Bc5 25. Nxg6+ fxg6 26. Qxe5+ Kg8 27. Qxe8 h6 28. Bxh6+ Kh7 29. Qf8 g5 30. Qg7# 1-0

[Event "Caldas Novas op 1st"]
[Site "Caldas Novas"]
[Date "2017.03.12"]
[Round "5"]
[White "Tufenkjian, Victor Piemonte"]
[Black "De Oliveira, Caio Guilherme Viei"]
[Result "0-1"]
[WhiteElo "1808"]
[BlackElo "1800"]
[PlyCount "132"]
[EventDate "2017.03.10"]
[EventType "swiss"]
[EventRounds "6"]
[EventCountry "BRA"]
[SourceTitle "CBM 177 Extra"]
[Source "ChessBase"]
[SourceDate "2017.04.27"]
[SourceVersion "1"]
[SourceVersionDate "2017.04.27"]
[SourceQuality "1"]

1. e4 e5 2. Nf3 Nc6 3. Bc4 h6 4. Nc3 Nf6 5. d4 exd4 6. Nxd4 Bb4 7. Bd2 Nxd4 8. Nd5 Nxd5 9. exd5 Qe7+ 10. Be2 Nxe2 11. Qxe2 Bxd2+ 12. Kxd2 Qxe2+ 13. Kxe2 d6 14. Rhe1 0-0 15. Kf1 Bf5 16. Rac1 Rfe8 17. c4 Rxe1+ 18. Rxe1 Bd3+ 19. Kg1 Bxc4 20. Re7 Bxd5 21. Rxc7 Re8 22. h3 Bc6 23. b4 a6 24. a3 d5 25. a4 b5 26. Rxc6 bxa4 27. Rxa6 a3 28. Rxa3 Rb8 29. Rb3 Kf8 30. Kf1 Ke7 31. Ke2 Ke6 32. Kd3 Ke5 33. b5 Kd6 34. Kd4 Re8 35. Kd3 Kc5 36. b6 Rb8 37. b7 Kc6 38. Kd4 Rxb7 39. Rxb7 Kxb7 40. Kxd5 Kc7 41. Ke5 Kd7 42. Kf5 Ke7 43. g4 g6+ 44. Kf4 Ke6 45. h4 f6 46. g5 fxg5+ 47. hxg5 h5 48. Kg3 Kf5 49. Kh4 Kf4 50. f3 Kxf3 51. Kh3 Kf4 52. Kh4 Kf5 53. Kg3 Kxg5 54. Kh3 Kf4 55. Kh2 Kf3 56. Kg1 g5 57. Kh1 g4 58. Kg1 h4 59. Kh1 h3 60. Kh2 g3+ 61. Kxh3 g2 62. Kh4 g1Q 63. Kh5 Kf4 64. Kh6 Qg4 65. Kh7 Qg5 66. Kh8 Kf5 0-1

[Event "Caldas Novas op 1st"]
[Site "Caldas Novas"]
[Date "2017.03.11"]
[Round "3"]
[White "Muniz, Bernardo Cunha"]
[Black "De Oliveira, Caio Guilherme Viei"]
[Result "0-1"]
[WhiteElo "1387"]
[BlackElo "1800"]
[PlyCount "72"]
[EventDate "2017.03.10"]
[EventType "swiss"]
[EventRounds "6"]
[EventCountry "BRA"]
[SourceTitle "CBM 177 Extra"]
[Source "ChessBase"]
[SourceDate "2017.04.27"]
[SourceVersion "1"]
[SourceVersionDate "2017.04.27"]
[SourceQuality "1"]

1. e4 e5 2. Nf3 Nc6 3. Bc4 h6 4. 0-0 Nf6 5. Nc3 Bc5 6. Nh4 Nd4 7. d3 d6 8. Be3 Bg4 9. Qe1 Nxc2 10. Bb5+ c6 11. Qd2 Nxa1 12. Bxc5 dxc5 13. Bc4 b5 14. Bxf7+ Kxf7 15. Nb1 c4 16. Nf3 Qxd3 17. Qe1 Nc2 18. Qc1 Nxe4 19. Nxe5+ Kf6 20. Nxd3 cxd3 21. Nd2 Nxd2 22. Qxd2 Bf5 23. Qc3+ Kg5 24. Qxg7+ Kf4 25. g3+ Kf3 26. Qe5 Be4 27. Qf4+ Ke2 28. Qg4+ Bf3 29. Qe6+ Kd2 30. Qe5 Rhf8 31. Qc3+ Ke2 32. Qe5+ Kd2 33. Qc3+ Ke2 34. Qe5+ Be4 35. Qh5+ Bf3 36. Qxh6 d2 0-1